[Event "DEN-ch Blitz final Gr 2"]
[Site "Svendborg"]
[Date "2016.03.25"]
[Round "5"]
[White "Bromann, Thorbjorn"]
[Black "Moller, Morten Kock"]
[Result "1-0"]
[WhiteElo "2452"]
[BlackElo "2244"]
[PlyCount "55"]
[EventDate "2016.03.25"]
[EventType "tourn (blitz)"]
[EventRounds "7"]
[EventCountry "DEN"]
[SourceTitle "EXT 2023"]
[Source "ChessBase"]
[SourceDate "2022.10.05"]
[SourceVersion "1"]
[SourceVersionDate "2022.10.05"]
[SourceQuality "1"]

1. d4 e6 2. Nc3 d5 3. Bf4 Bb4 4. e3 Nf6 5. Bd3 c5 6. dxc5 0-0 7. Bd6 Re8 8. Nge2 b6 9. Bxb8 Rxb8 10. cxb6 Qxb6 11. 0-0 e5 12. a3 Bxc3 13. Nxc3 d4 14. exd4 exd4 15. Na4 Qc6 16. b3 Bb7 17. f3 Re5 18. Qd2 Rbe8 19. Rae1 Re3 20. Nb2 Nd5 21. Be4 Qh6 22. Qxd4 Rxe1 23. Rxe1 Kh8 24. Nd3 Qb6 25. Qxb6 axb6 26. Bxd5 Rxe1+ 27. Nxe1 Bxd5 28. Kf2 1-0

[Event "DEN-ch Blitz final Gr 2"]
[Site "Svendborg"]
[Date "2016.03.25"]
[Round "1"]
[White "Moller, Morten Kock"]
[Black "Rostgaard, Tobias Valentin"]
[Result "1-0"]
[WhiteElo "2244"]
[BlackElo "2222"]
[PlyCount "45"]
[EventDate "2016.03.25"]
[EventType "tourn (blitz)"]
[EventRounds "7"]
[EventCountry "DEN"]
[SourceTitle "EXT 2023"]
[Source "ChessBase"]
[SourceDate "2022.10.05"]
[SourceVersion "1"]
[SourceVersionDate "2022.10.05"]
[SourceQuality "1"]

1. e4 e5 2. f4 d5 3. exd5 e4 4. d3 exd3 5. Bxd3 Qxd5 6. Nf3 Bg4 7. Qe2+ Be7 8. Nc3 Qd7 9. 0-0 Nc6 10. Be3 Nf6 11. Rad1 Qe6 12. Bc4 Qf5 13. Nb5 Rc8 14. Bd3 Qh5 15. h3 Bxf3 16. Rxf3 a6 17. Nd4 0-0 18. Nf5 Nb4 19. g4 Nxg4 20. hxg4 Qxg4+ 21. Rg3 Nxd3 22. Nxe7+ Kh8 23. Qxg4 1-0

[Event "Baltic Sea Cup"]
[Site "Ronne"]
[Date "2007.08.03"]
[Round "6.14"]
[White "Moller, Morten Kock"]
[Black "Hansen, Sune Berg"]
[Result "0-1"]
[WhiteElo "2178"]
[BlackElo "2574"]
[PlyCount "74"]
[EventDate "2007.07.30"]
[EventType "swiss"]
[EventRounds "9"]
[EventCountry "DEN"]
[SourceTitle "EXT 2023"]
[Source "ChessBase"]
[SourceDate "2022.10.05"]
[SourceVersion "1"]
[SourceVersionDate "2022.10.05"]
[SourceQuality "1"]

1. e4 c5 2. c3 Nf6 3. e5 Nd5 4. Nf3 e6 5. d4 cxd4 6. cxd4 d6 7. Bc4 Nc6 8. 0-0 Be7 9. a3 0-0 10. Qe2 Qb6 11. Rd1 Na5 12. Bxd5 exd5 13. Nc3 Be6 14. Bf4 Rad8 15. Qb5 Qxb5 16. Nxb5 dxe5 17. Nxe5 Nb3 18. Rab1 Bf5 19. Nd3 a6 20. Nc3 Nxd4 21. Be5 Nb3 22. Ne2 d4 23. Nec1 Nc5 24. Bc7 Rd5 25. b4 Na4 26. Ra1 Rc8 27. Bg3 f6 28. f3 Nc3 29. Re1 Kf7 30. Bf2 h5 31. Nf4 Rd7 32. Nfd3 b6 33. h3 a5 34. g4 Bh7 35. Kg2 g5 36. Kg1 Ra8 37. b5 a4 0-1

[Event "Baltic Sea Cup"]
[Site "Ronne"]
[Date "2007.08.02"]
[Round "5.14"]
[White "Matthiesen, Martin"]
[Black "Moller, Morten Kock"]
[Result "1-0"]
[WhiteElo "2363"]
[BlackElo "2178"]
[PlyCount "133"]
[EventDate "2007.07.30"]
[EventType "swiss"]
[EventRounds "9"]
[EventCountry "DEN"]
[SourceTitle "EXT 2023"]
[Source "ChessBase"]
[SourceDate "2022.10.05"]
[SourceVersion "1"]
[SourceVersionDate "2022.10.05"]
[SourceQuality "1"]

1. d4 Nf6 2. c4 e6 3. Nf3 b6 4. g3 Ba6 5. b3 Bb4+ 6. Bd2 Be7 7. Nc3 d5 8. cxd5 Nxd5 9. Nxd5 exd5 10. Bh3 0-0 11. 0-0 Nd7 12. Bf4 Nf6 13. Ne5 Bb7 14. Rc1 c5 15. Be3 Qc7 16. Nd3 c4 17. bxc4 dxc4 18. Qa4 c3 19. f3 Bd6 20. Bf2 Bc8 21. Bxc8 Rfxc8 22. e4 Bf8 23. Rc2 Qc4 24. Qxc4 Rxc4 25. Rb1 Nd7 26. Rb3 Rac8 27. d5 a6 28. Bxb6 Nxb6 29. Rxb6 Rd4 30. Rc6 Rxc6 31. dxc6 Rc4 32. Ne5 Rc5 33. Nd7 Rxc6 34. Nxf8 Kxf8 35. Kf2 Rh6 36. Ke3 Rc6 37. Kd4 Ke7 38. Rxc3 Rb6 39. Rc7+ Ke6 40. Ra7 g6 41. h4 h6 42. a3 h5 43. f4 Rc6 44. a4 Rd6+ 45. Kc4 Rc6+ 46. Kd4 Rd6+ 47. Ke3 Rc6 48. a5 Kf6 49. Rb7 Rc3+ 50. Kf2 Rc2+ 51. Kf3 Rc3+ 52. Kg2 Rc2+ 53. Kh3 Rc4 54. Rb6+ Ke7 55. e5 Ra4 56. Rxa6 Ra2 57. Ra8 Ke6 58. a6 Kf5 59. Rf8 Ke4 60. Rxf7 Rxa6 61. Rf6 Ra1 62. Rb6 Kf3 63. Rb3+ Kf2 64. Kh2 Re1 65. Ra3 Re2 66. g4 hxg4 67. Rg3 1-0

[Event "Baltic Sea Cup"]
[Site "Ronne"]
[Date "2007.08.01"]
[Round "3.12"]
[White "Lund, Silas Esben"]
[Black "Moller, Morten Kock"]
[Result "1-0"]
[WhiteElo "2396"]
[BlackElo "2178"]
[PlyCount "117"]
[EventDate "2007.07.30"]
[EventType "swiss"]
[EventRounds "9"]
[EventCountry "DEN"]
[SourceTitle "EXT 2023"]
[Source "ChessBase"]
[SourceDate "2022.10.05"]
[SourceVersion "1"]
[SourceVersionDate "2022.10.05"]
[SourceQuality "1"]

1. d4 Nf6 2. c4 e6 3. Nc3 Bb4 4. e3 b6 5. Bd3 Bb7 6. Nf3 Ne4 7. 0-0 f5 8. Ne5 0-0 9. Nxe4 fxe4 10. Bc2 Qg5 11. f4 exf3 12. Nxf3 Qg4 13. c5 bxc5 14. a3 Rxf3 15. Rxf3 Bxf3 16. Qxf3 Qxf3 17. gxf3 Be1 18. dxc5 a5 19. e4 Bh4 20. Bf4 Be7 21. Bxc7 Bxc5+ 22. Kg2 Nc6 23. Rd1 Nd4 24. Ba4 d6 25. e5 d5 26. Rc1 Be7 27. Bd6 Nf5 28. Rc6 Bd8 29. Bc5 Kf7 30. Bc2 g6 31. Bd3 Rb8 32. b4 axb4 33. axb4 Rb7 34. Ba6 Rc7 35. Rxc7+ Bxc7 36. f4 Bb8 37. b5 Ke8 38. Bc8 Ng7 39. b6 Kd8 40. b7 Ne8 41. Bxe6 Nc7 42. Bg8 Kd7 43. Bd6 h6 44. Bxc7 Bxc7 45. Bxd5 g5 46. e6+ Ke7 47. f5 Kf6 48. Bf3 Bd6 49. h3 Bc7 50. Bh5 Bd6 51. Kf3 Be7 52. Kg4 Bd6 53. Be8 Bc7 54. Bb5 Bd6 55. Kh5 Bc7 56. Kxh6 Bf4 57. Kh5 Bg3 58. e7 Kxe7 59. Kxg5 1-0

[Event "Nordic-chT U20"]
[Site "Viby"]
[Date "2002.09.08"]
[Round "3.6"]
[White "Bjerke, Silje"]
[Black "Moller, Morten Kock"]
[Result "1/2-1/2"]
[WhiteElo "2059"]
[BlackElo "1962"]
[PlyCount "87"]
[EventDate "2002.09.06"]
[EventType "team-tourn"]
[EventRounds "3"]
[EventCountry "DEN"]
[SourceTitle "EXT 2018"]
[Source "ChessBase"]
[SourceDate "2017.10.13"]
[SourceVersion "1"]
[SourceVersionDate "2017.10.13"]
[SourceQuality "1"]
[WhiteTeam "Norway"]
[BlackTeam "Denmark II"]
[WhiteTeamCountry "NOR"]
[BlackTeamCountry "DEN"]

1. d4 Nf6 2. c4 e6 3. Nc3 Bb4 4. Qc2 0-0 5. a3 Bxc3+ 6. Qxc3 b6 7. Bg5 Bb7 8. f3 h6 9. Bh4 d5 10. e3 Nbd7 11. cxd5 Nxd5 12. Bxd8 Nxc3 13. Bh4 Nd5 14. Bf2 f5 15. Bb5 N7f6 16. Rc1 c6 17. Bd3 a5 18. Ne2 Rfc8 19. 0-0 Ba6 20. Bxa6 Rxa6 21. Rc2 Kf7 22. Nc1 Ke7 23. Nd3 Nd7 24. Rfc1 b5 25. Kf1 g5 26. Ke2 Kf7 27. Bg3 Ke7 28. Be5 Rb6 29. h4 gxh4 30. Kf2 Ra6 31. Rh1 Rg8 32. Rcc1 Rg6 33. Rxh4 N7f6 34. Bxf6+ Rxf6 35. Ne5 Kd6 36. Rch1 c5 37. Rxh6 Rxh6 38. Rxh6 Ra7 39. Rh8 cxd4 40. exd4 Rc7 41. Kg3 Rg7+ 42. Kf2 Rc7 43. Kg1 Nf4 44. Kf1 1/2-1/2

[Event "Nordic School-ch U18"]
[Site "Tjele"]
[Date "2002.02.16"]
[Round "5"]
[White "Karlsson, Bjorn Ivar"]
[Black "Moller, Morten Kock"]
[Result "1-0"]
[WhiteElo "1870"]
[BlackElo "1903"]
[PlyCount "83"]
[EventDate "2002.02.14"]
[EventType "swiss"]
[EventRounds "6"]
[EventCountry "DEN"]
[SourceTitle "EXT 2022"]
[Source "ChessBase"]
[SourceDate "2021.10.06"]
[SourceVersion "1"]
[SourceVersionDate "2021.10.06"]
[SourceQuality "1"]

1. d4 Nf6 2. Nf3 e6 3. Bg5 c5 4. e4 Qb6 5. Nc3 cxd4 6. Nxd4 Bc5 7. Be3 Nc6 8. Na4 Qa5+ 9. c3 Bxd4 10. Bxd4 Nxd4 11. Qxd4 0-0 12. e5 Nd5 13. Bd3 b6 14. 0-0 Ba6 15. Bxa6 Qxa6 16. b3 f6 17. c4 fxe5 18. Qxe5 Nf6 19. Nc3 Rac8 20. Nb5 Rc5 21. Qd4 Qb7 22. Nd6 Qc6 23. f3 a6 24. b4 Rg5 25. a4 Nh5 26. Ne4 Nf4 27. Ra2 Rg6 28. b5 axb5 29. axb5 Qc7 30. c5 bxc5 31. Qxc5 Qb8 32. b6 d5 33. Ng3 e5 34. Rb1 Rc8 35. Qa5 Rgc6 36. h3 e4 37. fxe4 dxe4 38. b7 Rc1+ 39. Rxc1 Rxc1+ 40. Kh2 Qxb7 41. Qd8+ Kf7 42. Rf2 1-0

[Event "Nordic School-ch U18"]
[Site "Tjele"]
[Date "2002.02.16"]
[Round "6"]
[White "Tomason, Rani"]
[Black "Moller, Morten Kock"]
[Result "0-1"]
[WhiteElo "1185"]
[BlackElo "1903"]
[PlyCount "56"]
[EventDate "2002.02.14"]
[EventType "swiss"]
[EventRounds "6"]
[EventCountry "DEN"]
[SourceTitle "EXT 2022"]
[Source "ChessBase"]
[SourceDate "2021.10.06"]
[SourceVersion "1"]
[SourceVersionDate "2021.10.06"]
[SourceQuality "1"]

1. e4 e5 2. Nf3 Nc6 3. Bc4 Nf6 4. d3 Be7 5. Nc3 d6 6. h3 0-0 7. Be3 a6 8. Qd2 Kh8 9. 0-0 Na5 10. Bb3 Nxb3 11. axb3 c5 12. Rfd1 Ne8 13. Nd5 f5 14. exf5 Bxf5 15. b4 Bxh3 16. gxh3 Rxf3 17. Kg2 Rf8 18. bxc5 dxc5 19. Nxe7 Qxe7 20. Rg1 Rc8 21. b3 Nd6 22. Ra4 Nf5 23. Bg5 Qe6 24. Rg4 Qd5+ 25. Kh2 Nd4 26. Qe3 Nf3+ 27. Kh1 Nxg5+ 28. R1g2 Ne6 0-1

[Event "Nordic School-ch U18"]
[Site "Tjele"]
[Date "2002.02.15"]
[Round "4"]
[White "Moller, Morten Kock"]
[Black "Ostmoe, Geir S Tallaksen"]
[Result "1/2-1/2"]
[WhiteElo "1903"]
[BlackElo "2235"]
[PlyCount "42"]
[EventDate "2002.02.14"]
[EventType "swiss"]
[EventRounds "6"]
[EventCountry "DEN"]
[SourceTitle "EXT 2022"]
[Source "ChessBase"]
[SourceDate "2021.10.06"]
[SourceVersion "1"]
[SourceVersionDate "2021.10.06"]
[SourceQuality "1"]

1. e4 e5 2. Nc3 Nf6 3. f4 d5 4. fxe5 Nxe4 5. d3 Nxc3 6. bxc3 Be7 7. Nf3 0-0 8. Be2 f6 9. 0-0 Nc6 10. exf6 Bxf6 11. d4 Bf5 12. Rb1 Rb8 13. Bd3 Be4 14. Qe1 Re8 15. Qg3 Bxd3 16. cxd3 b6 17. Bf4 Rc8 18. Qg4 Re7 19. Rbe1 Qd7 20. Qxd7 Rxd7 21. Re6 Ne7 1/2-1/2